000 00610nam a2200241Ia 4500
003 OSt
005 20220924141534.0
006 a|||||r|||| 00| 0
007 ta
008 220923b |||||||| |||| 00| 0 ben d
020 _c35
024 _a298563
037 _cTextual
040 _aARTS
_cARTS
_bben
041 _2ben
_aben
082 _aO157,6N32w, N2
100 _aRahman Habib
_9212267
245 0 _aMotaher hossain chowdhurir jiban bhabna
260 _c1992
650 _aBENGALI LITERATURE
942 _hO157,6N32w, N2
_cTEXL
_2CC
999 _c447552
_d447552